Normal view MARC view

Entry Nombre personal

Number of records used in: 12

001 - NÚMERO DE CONTROL

  • campo de control: 240499

003 - IDENTIFICADOR DE NÚMERO DE CONTROL

  • campo de control: SpMaBN

005 - FECHA Y HORA DE LA ÚLTIMA TRANSACCIÓN

  • campo de control: 20250514221328.0

008 - ELEMENTOS DE DATO DE LONGITUD-FIJA

  • campo de control de longitud fija: 901120nn ainnnaabn n aaa

016 ## - NÚMERO DE CONTROL DE UNA AGENCIA BIBLIOGRÁFICA NACIONAL

  • Número de control del registro: BNE19900477996

024 7# - IDENTIFICADOR DE OTROS ESTÁNDARES

  • Número estándar o código: http://www.wikidata.org/entity/Q174770
  • Fuente: wikidata

024 7# - IDENTIFICADOR DE OTROS ESTÁNDARES

  • Número estándar o código: http://viaf.org/viaf/106994804/
  • Fuente: viaf

024 7# - IDENTIFICADOR DE OTROS ESTÁNDARES

  • Número estándar o código: https://isni.org/isni/0000000116964275
  • Fuente: isni

040 ## - FUENTE DE CATALOGACIÓN

  • Centro catalogador/agencia de origen: SpMaBN
  • Lengua de catalogación: spa
  • Centro/agencia transcriptor: SpMaBN
  • Normas de descripción: rdc
  • Convención/Normas de encabezamiento de materia/tesauro: embne

046 ## - FECHAS CON CODIFICACIÓN ESPECIAL

  • Fecha de nacimiento: 1841
  • Fecha de la muerte: 1914

100 1# - ENCABEZAMIENTO-NOMBRE DE PERSONA

  • Nombre de persona: Lorenzo, Anselmo,
  • Fechas asociadas al nombre: 1841-1914

370 ## - LUGAR ASOCIADO

  • Lugar de nacimiento: Toledo
  • Número de control del registro de autoridad o número normalizado: XX450553
  • Fuente de información: Wikidata

373 ## - GRUPO ASOCIADO

  • Grupo asociado: Primera Internacional
  • Fuente de información: Wikidata

374 ## - OCUPACIÓN

  • Ocupación: Sindicalistas
  • Ocupación: Sindicalistas
  • Fuente de información: Wikidata

375 ## - GÉNERO/SEXO

  • Género: Masculino
  • Fuente de información: Wikidata

377 ## - IDIOMA ASOCIADO

  • Término de lengua/lenguaje: Español

670 ## - FUENTE DE DATOS ENCONTRADOS

  • Cita de la fuente: El pueblo, 1951

670 ## - FUENTE DE DATOS ENCONTRADOS

  • Cita de la fuente: Las aventuras de Nono, de Juan Grave, 1991
  • Información encontrada: port. (traducción de Anselmo Lorenzo)

670 ## - FUENTE DE DATOS ENCONTRADOS

  • Cita de la fuente: El mundo tricolor, apuntes sobre la I República, 2002
  • Información encontrada: p. 60 (n. 1841, Toledo-m. 1914, Barcelona; propagandista de las ideas de Bakunin; traductor de la editorial la Escuela moderna)